000 00745nam a2200253Ia 4500
003 OSt
005 20220927104055.0
006 a|||||r|||| 00| 0
007 ta
008 220926b |||||||| |||| 00| 0 eng d
024 _a99439
037 _cReference Collections
040 _aRTL
_cRTL
_beng
041 _2eng
_aeng
082 _a"Y33:(U42).1(X).N7, L6/UN"
100 _aTODARO Michael P
_9362683
245 0 _aInternal migration in developing countries
260 _aGeneva
_bILO
_c1976
300 _a"vi,106p"
_ccm.
500 _aBibliography: p 91-106
650 _aUrban Development
_9362684
942 _h"Y33:(U42).1(X).N7, L6/UN"
_cCC
999 _c685387
_d685387